A Corning Incorporated és a Prysmian Group fenntarthatósági riportjainak kapcsolata gazdasági mutatóikkal közösen elemezve

Bibliographic Details
Main Author: Velkei Diána
Other Authors: Csekő Dr. Katalin
Format: Thesis
Kulcsszavak:ESG
fenntarthatóság
gazdasági mutatók
összehasonlítás
tanúsítás
Online Access:http://dolgozattar.uni-bge.hu/59862

MARC

LEADER 00000nta a2200000 i 4500
001 dolg59862
005 20260409145651.0
008 260409suuuu hu om 000 hun d
040 |a BGE Dolgozattár Repozitórium  |b hun 
041 |a hu 
100 1 |a Velkei Diána 
245 1 2 |a A Corning Incorporated és a Prysmian Group fenntarthatósági riportjainak kapcsolata gazdasági mutatóikkal közösen elemezve  |c Velkei Diána  |h [elektronikus dokumentum] 
520 3 |a A diplomamunka célja a Corning Incorporated és a Prysmian Group fenntarthatósági jelentéseinek összehasonlítása, a gazdasági mutatóikkal közösen elemezve. A kutatás a következő kérdésekre keresi a választ: Hogyan járulnak hozzá a könyvvizsgáló cégek a fenntarthatósági jelentések hitelesítéséhez és az alkalmazott keretrendszerek (pl. GRI, SASB) követéséhez? Milyen főbb kihívásokkal szembesülnek a könyvvizsgáló cégek és vállalatok a fenntarthatósági jelentések összehasonlíthatóságának, hitelességének és a kettős lényegesség elvének alkalmazásának biztosítása során? Hogyan befolyásolja az ESRS bevezetése a tanúsítási folyamatokat és a fenntarthatósági jelentések elkészítésének módszertanát? Illetve milyen trendek várhatók a fenntarthatósági jelentéstétel területén, és hogyan készülnek fel erre a könyvvizsgáló cégek. A fenntarthatósági jelentéstétel egy új korszakot nyitott a CSRD megjelenésével. A vállalatoknak kétséget kizáróan erőforrást kell rendelniük erre a területre és mihamarabb ki kell alakítaniuk a fenntarthatósági stratégiáikat. A jelentéstétel ugyanis nem csupán a jogszabályoknak való megfelelés miatt fontos számukra, hanem mert erősen befolyásoló tényező lehet a versenyben. A jelentések összehasonlíthatósága várhatóan nagyobb hangsúlyt kap majd az ESRS alapú jelentési formában. A Corning és a Prysmian különböző szabályok szerint jelent, így a fenntarthatósági jelentéseik összehasonlítása komoly kihívást jelent. Jól összehasonlítható volt a károsanyag kibocsátások területe, valamint a munkavállalók számáról, koráról, nemi és etnikai megoszlásáról szóló társadalmi rész. Nehézséget okozott az összehasonlítás során, hogy a jelentésekben keveredtek az elért eredmények a célokkal. A végzett összehasonlítás rámutatott arra, hogy jelenleg nincsenek univerzális megoldások a fenntarthatósági riportok területén. Minden vállalkozás a saját értékrendje szerint, a maga erőforrásaira támaszkodva alakítja a riportjait és ezzel együtt a stratégiáját. Ugyanakkor ezen riportok átláthatósága és hitelessége kulcs szerepet tölt be abban, hogy a vállalatok ne csupán a külső elvárásoknak feleljenek meg, hanem valódi, hosszú távra szóló értékeket is teremtsenek mind a környezet, mind a társadalom számára. A felelős és fenntartható gondolkodás már nem választható, hanem kötelező elvárás a vállalatok felé. 
695 |a ESG 
695 |a fenntarthatóság 
695 |a gazdasági mutatók 
695 |a összehasonlítás 
695 |a tanúsítás 
700 1 |a Csekő Dr. Katalin  |e ths 
856 4 0 |u http://dolgozattar.uni-bge.hu/59862/1/A%20Corning%20Incorporated%20%C3%A9s%20a%20Prysmian%20Group%20fenntarthat%C3%B3s%C3%A1gi%20riportjainak%20kapcsolata%20gazdas%C3%A1gi%20mutat%C3%B3ikkal%20k%C3%B6z%C3%B6sen%20elemezve.pdf  |z Dokumentum-elérés 
856 4 0 |u http://dolgozattar.uni-bge.hu/59862/2/MA%20ELM%20b%C3%ADr%C3%A1lati%20lap_Velkei%20Di%C3%A1na.pdf  |z Dokumentum-elérés 
856 4 0 |u http://dolgozattar.uni-bge.hu/59862/3/Velkei_k%C3%BCls%C5%91_b%C3%ADr%C3%A1lat.pdf  |z Dokumentum-elérés